000 00620 a2200205 4500
001 61404
005 20260407155904.0
008 260407a1969 arg spa d
003 AR-UNSa-BCEJYS
040 _aAR-UNSa-BCEJYS
_bspa
_cAR-UNSa-BCEJYS
080 _a347.61/.64
_xDerecho de familia (La familia, Matrimonio, Filiación, Tutela)
245 1 0 _aTratado de derecho civil argentino
_pFamilia
250 _a4a. ed.
264 1 _aBuenos Aires :
_bPerrot
_c1969
300 _a2 v. (494 ; 449 p.)
_c23 cm.
041 _aspa
942 _cBK
590 _aniveau_biblio:m niveau_hierar:0
100 1 _aBorda, Guillermo A.
999 _c7289
_d7289